عرض عادي عرض مارك
  • Pharmaceutical Preparations

مدخل مصطلح موضوعي

عدد التسجيلات المستخدمة في: 3

001 - رقم الضبط

  • حقل الضبط: 18989

003 - معرف رقم الضبط

  • حقل الضبط: OSt

005 - تاريخ ووقت أخر عملية

  • حقل الضبط: 20121227230805.0

008 - عناصر بيانات ثابتة الطول

  • حقل تحكم ثابت الطول: 121227|||a|||||| | ||| d

040 ## - مصدر الفهرسة

  • هيئة الفهرسة الأصلية: OSt
  • وكالة الكتابة: OSt

150 ## - مدخل-- مصطلح تاريخي

  • عنصر مدخل المصطلح الموضوعي او الاسم الجغرافي: Pharmaceutical Preparations
  • تفريع عام: administration & dosage
  • تفريع شكلي: Problems and Exercises.

670 ## - بيانات المصدر موجوده

  • الاستشهاد بالمصدر: Work cat.: (OSt)0: Dosage calculations for nurses /, 2010.